Satılık vatan (Record no. 10688)

MARC details
000 -BAŞLIK
Sabit Uzunlukta Kontrol Alanı 00810na a2200277 4500
001 - KONTROL NUMARASI
Denetim Alanı 24127
003 - KONTROL NUMARASI IDENTIFIER
Denetim Alanı MIRAKIL
005 - SON İŞLEM TARİHİ VE ZAMANI
Denetim Alanı 20181213155330.0
008 - SABİT-BOY VERİ ELEMANLARI - GENEL BİLGİLER
Sabit Uzunlukta Kontrol Alanı 180601b tu 000 0
020 ## - ULUSLARARASI STANDART KİTAP NUMARASI
Uluslararası Standart Kitap Numarası 9789756448137
040 ## - KATALOGLAMA KAYNAK
Orijinal Kataloglama Ajansı Milas
Kataloglama Dili tur
Metne Dönüştürmek Ajansı TR-AnCHP
041 ## - DİL KODU
Metin / Ses Parça Veya Ayrı Başlığın Dil Kodu tur
082 ## - DEWEY ONLU SINIFLANDIRMA NUMARASI
Sınıflandırma Numarası 338.6046
Ürün Numarası D54s 2003
090 ## - SINIFLAMA NUMARASI
Sınıflama Numarası 338.6046 D54s 2003
100 ## - ANA GİRİŞ - KİŞİSEL İSİM
Kişisel Ad Dikbaş, Yılmaz
245 ## - BAŞLIK TABLOSU
Başlık Satılık vatan
Sorumluluk Tablosu, Vb Yılmaz Dikbaş
260 ## - YAYIN, DAĞITIM, VB
Yayın, Dağıtım, Vb Yeri İstanbul
Yayıncı, Dağıtıcı, Vs Adı Toplumsal Dönüşüm Yayınları
Yayın, Dağıtım, Vb Tarihi 2003
Üretici Firma Emre Matbaacılık
300 ## - FİZİKSEL TANIM
Kapsam 552 s.
Boyutlar 19 sm.
440 ## - SERİSİ TABLOSU / KATMA GİRİŞİ - BAŞLIK
Başlık Toplumsal Dönüşüm Yayınları
Hacim / Ardışık Tanımı 216
490 ## - SERİSİ TABLOSU
Seri Beyanı Araştırma-İnceleme
Hacim / Ardışık Tanımı 66
504 ## - KAYNAKÇA VB NOT
Kaynakça Vb Notu Kaynakça var.
650 ## - KONU KATMA GİRİŞ - TOPİKAL DÖNEM
Topikal Süreli Veya Coğrafi Ad Giriş Elemanı Kamu maliyesi
650 ## - KONU KATMA GİRİŞ - TOPİKAL DÖNEM
Topikal Süreli Veya Coğrafi Ad Giriş Elemanı Kamu İktisadi Teşebbüsleri (KİT)
650 ## - KONU KATMA GİRİŞ - TOPİKAL DÖNEM
Topikal Süreli Veya Coğrafi Ad Giriş Elemanı Özelleştirme
Coğrafi Alt Bölümü Türkiye
942 ## - EKLENDİ GİRİŞ ELEMANLARI (KOHA)
Sınıflandırma Veya Raf Düzeni Kaynak Dewey Decimal Classification
Koha Öğesi Türü Books
999 ## - SİSTEM KONTROL NUMARALARI (KOHA)
Koha Biblionumber 10688
Koha Biblioitemnumber 10688
Holdings
Kalıcı Konum Mevcut Konum Edinme Tarihi Edinim Kaynak Toplam Check-Out'Lar Tam Çağrı Numarası Barkod Tarih Son Görülme İtibaren Geçerli Fiyatlar Koha Öğesi Türü
CHP Kütüphanesi CHP Kütüphanesi 06/01/2018 Bağış   338.6046 D54s 2003 018164 06/01/2018 06/01/2018 Books